Group communication pitfalls : (Record no. 9035)

MARC details
000 -LEADER
fixed length control field 01338cam a22003254a 4500
001 - CONTROL NUMBER
control field 13907417
003 - CONTROL NUMBER IDENTIFIER
control field OSt
005 - DATE AND TIME OF LATEST TRANSACTION
control field 20240702144755.0
008 - FIXED-LENGTH DATA ELEMENTS--GENERAL INFORMATION
fixed length control field 050322s2006 caua b 001 0 eng
010 ## - LIBRARY OF CONGRESS CONTROL NUMBER
LC control number 2005008159
020 ## - INTERNATIONAL STANDARD BOOK NUMBER
International Standard Book Number 1412915341 (cloth)
020 ## - INTERNATIONAL STANDARD BOOK NUMBER
International Standard Book Number 141291535X (pbk.)
040 ## - CATALOGING SOURCE
Transcribing agency must
042 ## - AUTHENTICATION CODE
Authentication code pcc
050 00 - LIBRARY OF CONGRESS CALL NUMBER
Classification number HM736
Item number .B87 2006
082 ## - DEWEY DECIMAL CLASSIFICATION NUMBER
Classification number 302.3 BUR 2006
100 1# - MAIN ENTRY--PERSONAL NAME
Personal name Burtis, John Orville.
9 (RLIN) 18366
245 10 - TITLE STATEMENT
Title Group communication pitfalls :
Remainder of title overcoming barriers to an effective group experience /
Statement of responsibility, etc. John O. Burtis, Paul D. Turman.
260 ## - PUBLICATION, DISTRIBUTION, ETC. (IMPRINT)
Place of publication, distribution, etc. Thousand Oaks, Calif. :
Name of publisher, distributor, etc. Sage,
Date of publication, distribution, etc. c2006.
300 ## - PHYSICAL DESCRIPTION
Extent xvi, 247 p. :
Other physical details ill. ;
Dimensions 23 cm.
504 ## - BIBLIOGRAPHY, ETC. NOTE
Bibliography, etc Includes bibliographical references p. (229-236) and index.
650 #0 - SUBJECT ADDED ENTRY--TOPICAL TERM
Topical term or geographic name as entry element Communication in small groups.
9 (RLIN) 18367
700 1# - ADDED ENTRY--PERSONAL NAME
Personal name Turman, Paul D.
9 (RLIN) 18368
856 41 - ELECTRONIC LOCATION AND ACCESS
Materials specified Table of contents only
Uniform Resource Identifier <a href="http://www.loc.gov/catdir/toc/ecip0510/2005008159.html">http://www.loc.gov/catdir/toc/ecip0510/2005008159.html</a>
856 42 - ELECTRONIC LOCATION AND ACCESS
Materials specified Publisher description
Uniform Resource Identifier <a href="http://www.loc.gov/catdir/enhancements/fy0658/2005008159-d.html">http://www.loc.gov/catdir/enhancements/fy0658/2005008159-d.html</a>
856 42 - ELECTRONIC LOCATION AND ACCESS
Materials specified Contributor biographical information
Uniform Resource Identifier <a href="http://www.loc.gov/catdir/enhancements/fy0734/2005008159-b.html">http://www.loc.gov/catdir/enhancements/fy0734/2005008159-b.html</a>
906 ## - LOCAL DATA ELEMENT F, LDF (RLIN)
a 7
b cbc
c orignew
d 1
e ecip
f 20
g y-gencatlg
942 ## - ADDED ENTRY ELEMENTS (KOHA)
Source of classification or shelving scheme Dewey Decimal Classification
Koha item type Open Shelf
Holdings
Withdrawn status Lost status Source of classification or shelving scheme Damaged status Not for loan Home library Current library Date acquired Source of acquisition Inventory number Total Checkouts Full call number Barcode Date last seen Price effective from Koha item type
    Dewey Decimal Classification     MUST Main Library MUST Main Library 02/07/2024 purchase 13/37236   302.3 BUR 2006 2024-21674 02/07/2024 02/07/2024 Open Shelf
    Dewey Decimal Classification     MUST Main Library MUST Main Library 02/07/2024 purchase 13/37237   302.3 BUR 2006 2024-21675 02/07/2024 02/07/2024 Open Shelf